Vztah na principu oboustranné komunikace
Koncepcia priameho marketingu (direkt marketing) v oblasti gastronómie, ubytovania a cestovného ruchu. Významný marketingový nástroj. Obchodné partnerstvo a spolupráca.
Gespeichert in:
| Format: | Buchkapitel |
|---|---|
| Sprache: | Tschechisch |
| Schlagworte: | |
| Tags: |
Keine Tags, Fügen Sie das erste Tag hinzu!
|
MARC
| LEADER | 00000naa a2200000 4500 | ||
|---|---|---|---|
| 001 | r043133 | ||
| 005 | 20230522105731.4 | ||
| 041 | 0 | |a cze | |
| 044 | |a CZ | ||
| 245 | 1 | 0 | |a Vztah na principu oboustranné komunikace |
| 520 | |a Koncepcia priameho marketingu (direkt marketing) v oblasti gastronómie, ubytovania a cestovného ruchu. Významný marketingový nástroj. Obchodné partnerstvo a spolupráca. | ||
| 610 | 2 | 0 | |a marketing |
| 610 | 2 | 0 | |a marketing priamy |
| 610 | 2 | 0 | |a gastronómia |
| 610 | 2 | 0 | |a ubytovanie |
| 610 | 2 | 0 | |a ruch cestovný |
| 610 | 2 | 0 | |a Česko |